00490nam a2200193 a 450000100060000000300090000600800410001502000150005604000280007108200090009910000170010824500200012526000420014530000110018749000190019865000230021765000310024065000250027117530CO-ViMGA141112s2004 ck r 000 u spa d a9580450307 aCO-ViMGAbspacCO-ViMGA04aALOc1 aAlonso, Dora10aEl cochero azul aBarcelona (España), cNorma, c1999 a110.p. aTorre de papel14aCUENTOS INFANTILES14aCUENTOS INFANTILES CUBANOS14aVACACIONES - RELATOS